Quality management
This book creates a bridge between the theory and practice of quality management. Each theory and practice in this book is illustrated with detailed examples and actual case studies. The book ends by presenting the current best practices of quality management within the context of Six Sigma manageme...
Wedi'i Gadw mewn:
| Fformat: | Llyfr |
|---|---|
| Iaith: | Undetermined |
| Cyhoeddwyd: |
Boston, MA.
McGraw-Hill
2005
|
| Pynciau: | |
| Tagiau: |
Ychwanegu Tag
Dim Tagiau, Byddwch y cyntaf i dagio'r cofnod hwn!
|
| Thư viện lưu trữ: | Trung tâm Học liệu Trường Đại học Cần Thơ |
|---|
| LEADER | 00843nam a2200205Ia 4500 | ||
|---|---|---|---|
| 001 | CTU_214857 | ||
| 008 | 210402s9999 xx 000 0 und d | ||
| 082 | |a 658.4013 | ||
| 082 | |b Q1 | ||
| 245 | 0 | |a Quality management | |
| 245 | 0 | |c Howard S. Gitlow ... [et al.] | |
| 260 | |a Boston, MA. | ||
| 260 | |b McGraw-Hill | ||
| 260 | |c 2005 | ||
| 520 | |a This book creates a bridge between the theory and practice of quality management. Each theory and practice in this book is illustrated with detailed examples and actual case studies. The book ends by presenting the current best practices of quality management within the context of Six Sigma management | ||
| 650 | |a Quality control | ||
| 650 | |x Statistical methods. | ||
| 904 | |i Qhieu | ||
| 910 | |a AV.000709 AV.000702 AV.000707 | ||
| 980 | |a Trung tâm Học liệu Trường Đại học Cần Thơ | ||